[Event "Prague Open 2022 - A IM Open"]
[Site "Olympik hotel, Prague"]
[Date "2022.01.12"]
[Round "7"]
[Board "5"]
[White "Urkedal, Frode Olav Olsen"]
[Black "Kulhanek, Tomas"]
[Result "1-0"]
[WhiteElo "2553"]
[BlackElo "2324"]
[PlyCount "0"]
[EventDate "2022.01.07"]
[EventRounds "9"]
[EventCountry "CZE"]

1. e4 {[%clk 1:13:24]} c5 {[%clk 1:29:44]} 2. Nf3 {[%clk 1:10:56]} Nc6
{[%clk 1:29:57]} 3. d4 {[%clk 1:11:17]} cxd4 {[%clk 1:30:22]} 4. Nxd4
{[%clk 1:11:42]} g6 {[%clk 1:30:48]} 5. c4 {[%clk 1:12:07]} Bg7 {[%clk 1:31:09]}
6. Be3 {[%clk 1:12:31]} Nf6 {[%clk 1:29:53]} 7. Nc3 {[%clk 1:12:56]} d6
{[%clk 1:30:12]} 8. Be2 {[%clk 1:12:14]} Nxd4 {[%clk 1:30:08]} 9. Bxd4
{[%clk 1:12:35]} O-O {[%clk 1:30:28]} 10. O-O {[%clk 1:12:52]} Be6
{[%clk 1:29:25]} 11. Qd2 {[%clk 1:12:10]} Qa5 {[%clk 1:28:57]} 12. Rad1
{[%clk 1:08:24]} Rfc8 {[%clk 1:26:27]} 13. b3 {[%clk 1:08:29]} a6
{[%clk 1:25:12]} 14. Qb2 {[%clk 1:08:39]} Ne8 {[%clk 1:19:14]} 15. Bxg7
{[%clk 1:05:16]} Nxg7 {[%clk 1:19:37]} 16. f4 {[%clk 0:59:24]} f6
{[%clk 1:13:48]} 17. Nd5 {[%clk 0:53:53]} Bxd5 {[%clk 1:02:05]} 18. Rxd5
{[%clk 0:53:47]} Rc5 {[%clk 1:01:42]} 19. Rd2 {[%clk 0:54:00]} Qb6
{[%clk 1:00:53]} 20. Kh1 {[%clk 0:53:11]} a5 {[%clk 1:01:04]} 21. a3
{[%clk 0:53:05]} Rcc8 {[%clk 0:55:51]} 22. Rf3 {[%clk 0:48:29]} Qc6
{[%clk 0:52:14]} 23. Rd5 {[%clk 0:44:30]} e6 {[%clk 0:49:25]} 24. Rd4
{[%clk 0:40:28]} Rf8 {[%clk 0:36:13]} 25. Qd2 {[%clk 0:36:25]} Ne8
{[%clk 0:25:40]} 26. f5 {[%clk 0:28:37]} e5 {[%clk 0:25:30]} 27. Rd5
{[%clk 0:28:29]} g5 {[%clk 0:24:41]} 28. h4 {[%clk 0:25:09]} h6 {[%clk 0:24:24]}
29. Rg3 {[%clk 0:24:18]} Ng7 {[%clk 0:23:40]} 30. hxg5 {[%clk 0:22:45]} hxg5
{[%clk 0:23:55]} 31. c5 {[%clk 0:22:43]} Rfd8 {[%clk 0:22:22]} 32. Bc4
{[%clk 0:19:45]} Kf8 {[%clk 0:22:31]} 33. Rh3 {[%clk 0:19:42]} Ne8
{[%clk 0:22:21]} 34. Qd1 {[%clk 0:18:30]} Rd7 {[%clk 0:21:53]} 35. cxd6
{[%clk 0:18:35]}  1-0

[Event "Prague Open 2022 - A IM Open"]
[Site "Olympik hotel, Prague"]
[Date "2022.01.12"]
[Round "7"]
[Board "6"]
[White "Neuman, Petr"]
[Black "Mannion, Stephen R"]
[Result "0-1"]
[WhiteElo "2402"]
[BlackElo "2271"]
[PlyCount "0"]
[EventDate "2022.01.07"]
[EventRounds "9"]
[EventCountry "CZE"]

1. e4 {[%clk 1:30:57]} e5 {[%clk 1:28:47]} 2. Nf3 {[%clk 1:31:21]} Nc6
{[%clk 1:29:07]} 3. c3 {[%clk 1:31:46]} Nf6 {[%clk 1:29:20]} 4. d3
{[%clk 1:32:11]} d5 {[%clk 1:29:26]} 5. Nbd2 {[%clk 1:32:37]} a5 {[%clk 1:29:07]}
6. Be2 {[%clk 1:33:02]} Bc5 {[%clk 1:29:08]} 7. O-O {[%clk 1:33:25]} O-O
{[%clk 1:29:04]} 8. b3 {[%clk 1:33:42]} Re8 {[%clk 1:28:52]} 9. a3
{[%clk 1:34:03]} d4 {[%clk 1:28:38]} 10. c4 {[%clk 1:34:27]} Nd7 {[%clk 1:26:56]}
11. Ne1 {[%clk 1:34:28]} Nf8 {[%clk 1:18:10]} 12. g3 {[%clk 1:34:18]} f5
{[%clk 1:17:36]} 13. exf5 {[%clk 1:34:16]} Bxf5 {[%clk 1:17:42]} 14. Bf3
{[%clk 1:34:37]} Qd7 {[%clk 1:15:50]} 15. Ne4 {[%clk 1:34:55]} Be7
{[%clk 1:15:55]} 16. Nc2 {[%clk 1:25:27]} Ne6 {[%clk 1:10:44]} 17. Re1
{[%clk 1:25:19]} Nc5 {[%clk 1:09:31]} 18. Rb1 {[%clk 1:25:15]} Nxe4
{[%clk 1:04:51]} 19. Bxe4 {[%clk 1:24:49]} Bxe4 {[%clk 1:02:46]} 20. Rxe4
{[%clk 1:25:15]} Bf6 {[%clk 0:59:15]} 21. Bd2 {[%clk 1:21:52]} Ne7
{[%clk 0:54:54]} 22. a4 {[%clk 1:16:18]} b6 {[%clk 0:52:37]} 23. Qf3
{[%clk 1:12:35]} Nf5 {[%clk 0:50:18]} 24. Qg4 {[%clk 1:11:37]} g6
{[%clk 0:50:39]} 25. Rbe1 {[%clk 1:07:41]} Qf7 {[%clk 0:47:18]} 26. R4e2
{[%clk 1:05:12]} Nd6 {[%clk 0:44:58]} 27. Qf3 {[%clk 1:05:25]} Bg7
{[%clk 0:43:49]} 28. Qc6 {[%clk 1:03:59]} e4 {[%clk 0:37:04]} 29. Bf4
{[%clk 1:03:44]} exd3 {[%clk 0:37:13]} 30. Rxe8+ {[%clk 1:04:01]} Rxe8
{[%clk 0:37:28]} 31. Bxd6 {[%clk 1:04:08]} Rxe1+ {[%clk 0:37:32]} 32. Nxe1
{[%clk 1:04:19]} d2 {[%clk 0:37:38]}  0-1

[Event "Prague Open 2022 - A IM Open"]
[Site "Olympik hotel, Prague"]
[Date "2022.01.12"]
[Round "7"]
[Board "7"]
[White "Haring, Filip"]
[Black "Unneland, Mathias"]
[Result "1-0"]
[WhiteElo "2398"]
[BlackElo "2262"]
[PlyCount "0"]
[EventDate "2022.01.07"]
[EventRounds "9"]
[EventCountry "CZE"]

1. e4 {[%clk 1:30:54]} e5 {[%clk 1:30:32]} 2. Nf3 {[%clk 1:31:16]} Nc6
{[%clk 1:30:49]} 3. d4 {[%clk 1:31:14]} exd4 {[%clk 1:31:01]} 4. Nxd4
{[%clk 1:31:38]} Nf6 {[%clk 1:31:06]} 5. Nxc6 {[%clk 1:31:55]} bxc6
{[%clk 1:31:26]} 6. Bd3 {[%clk 1:31:50]} d5 {[%clk 1:31:29]} 7. exd5
{[%clk 1:32:08]} cxd5 {[%clk 1:31:07]} 8. O-O {[%clk 1:32:24]} Be7
{[%clk 1:29:55]} 9. h3 {[%clk 1:32:23]} O-O {[%clk 1:29:49]} 10. Re1
{[%clk 1:32:19]} Rb8 {[%clk 1:27:33]} 11. b3 {[%clk 1:31:26]} c5 {[%clk 1:22:12]}
12. Bb2 {[%clk 1:29:14]} Bb7 {[%clk 1:13:18]} 13. Nd2 {[%clk 1:21:16]} Nd7
{[%clk 1:05:58]} 14. Nf3 {[%clk 0:56:43]} Bf6 {[%clk 1:05:05]} 15. Bxf6
{[%clk 0:57:06]} Qxf6 {[%clk 1:03:36]} 16. Qe2 {[%clk 0:49:10]} Rbd8
{[%clk 0:58:07]} 17. a4 {[%clk 0:43:45]} Qc3 {[%clk 0:53:53]} 18. Qd2
{[%clk 0:40:15]} Qf6 {[%clk 0:44:16]} 19. Qg5 {[%clk 0:36:03]} Qc3
{[%clk 0:40:33]} 20. Rad1 {[%clk 0:29:11]} c4 {[%clk 0:36:16]} 21. Bf5
{[%clk 0:27:09]} cxb3 {[%clk 0:34:07]} 22. cxb3 {[%clk 0:26:10]} Nc5
{[%clk 0:31:08]} 23. Rc1 {[%clk 0:24:24]} Qa5 {[%clk 0:26:08]} 24. Bxh7+
{[%clk 0:24:30]}  1-0

[Event "Prague Open 2022 - A IM Open"]
[Site "Olympik hotel, Prague"]
[Date "2022.01.12"]
[Round "7"]
[Board "11"]
[White "Mach, Ondrej"]
[Black "Sorm, Daniel"]
[Result "0-1"]
[WhiteElo "1886"]
[BlackElo "2345"]
[PlyCount "0"]
[EventDate "2022.01.07"]
[EventRounds "9"]
[EventCountry "CZE"]

1. d4 {[%clk 1:29:47]} Nf6 {[%clk 1:30:41]} 2. c4 {[%clk 1:30:07]} e6
{[%clk 1:31:00]} 3. Nf3 {[%clk 1:30:16]} d5 {[%clk 1:31:17]} 4. Nc3
{[%clk 1:30:38]} Bb4 {[%clk 1:31:12]} 5. Bg5 {[%clk 1:29:46]} h6 {[%clk 1:30:30]}
6. Bxf6 {[%clk 1:29:31]} Qxf6 {[%clk 1:30:53]} 7. a3 {[%clk 1:29:49]} Bxc3+
{[%clk 1:29:51]} 8. bxc3 {[%clk 1:30:14]} O-O {[%clk 1:26:34]} 9. e3
{[%clk 1:30:27]} c5 {[%clk 1:24:58]} 10. Bd3 {[%clk 1:25:39]} dxc4
{[%clk 1:16:23]} 11. Bxc4 {[%clk 1:25:59]} b6 {[%clk 1:14:24]} 12. O-O
{[%clk 1:22:05]} Bb7 {[%clk 1:14:11]} 13. Ne5 {[%clk 1:17:17]} Qg5
{[%clk 1:09:43]} 14. Qg4 {[%clk 1:15:45]} Qxg4 {[%clk 1:05:42]} 15. Nxg4
{[%clk 1:15:30]} Nd7 {[%clk 1:05:48]} 16. f3 {[%clk 1:15:12]} Rfc8
{[%clk 1:04:08]} 17. Bb5 {[%clk 0:37:21]} Bc6 {[%clk 0:59:43]} 18. Bxc6
{[%clk 0:35:28]} Rxc6 {[%clk 1:00:06]} 19. Ne5 {[%clk 0:35:57]} Nxe5
{[%clk 0:56:02]} 20. dxe5 {[%clk 0:36:23]} Rd8 {[%clk 0:52:43]} 21. Rfd1
{[%clk 0:36:45]} Rcc8 {[%clk 0:52:59]} 22. c4 {[%clk 0:35:16]} Kf8
{[%clk 0:52:39]} 23. Kf2 {[%clk 0:35:33]} Ke7 {[%clk 0:52:26]} 24. Rxd8
{[%clk 0:35:33]} Rxd8 {[%clk 0:50:26]} 25. Ke2 {[%clk 0:35:57]} Rd7
{[%clk 0:49:55]} 26. a4 {[%clk 0:36:06]} Kd8 {[%clk 0:49:59]} 27. f4
{[%clk 0:32:27]} h5 {[%clk 0:47:11]} 28. g4 {[%clk 0:30:10]} hxg4
{[%clk 0:44:26]} 29. Rg1 {[%clk 0:30:35]} g6 {[%clk 0:44:42]} 30. Rxg4
{[%clk 0:31:00]} Kc7 {[%clk 0:45:00]} 31. Rg1 {[%clk 0:25:42]} Kb7
{[%clk 0:38:31]} 32. a5 {[%clk 0:16:38]} bxa5 {[%clk 0:36:03]} 33. Rb1+
{[%clk 0:15:39]} Ka6 {[%clk 0:36:02]} 34. Rb5 {[%clk 0:16:01]} a4
{[%clk 0:33:32]} 35. Rxc5 {[%clk 0:15:40]} a3 {[%clk 0:32:03]} 36. Rc6+
{[%clk 0:14:11]} Ka5 {[%clk 0:30:46]} 37. Rc5+ {[%clk 0:11:46]} Ka4
{[%clk 0:28:31]} 38. Rc6 {[%clk 0:08:55]} a5 {[%clk 0:27:58]} 39. Rd6
{[%clk 0:08:23]} Rb7 {[%clk 0:27:08]} 40. Rd1 {[%clk 0:07:12]} a2
{[%clk 0:26:52]}  0-1

[Event "Prague Open 2022 - A IM Open"]
[Site "Olympik hotel, Prague"]
[Date "2022.01.12"]
[Round "7"]
[Board "12"]
[White "Nielsen, Andre"]
[Black "Van Osch, Mees"]
[Result "0-1"]
[WhiteElo "2207"]
[BlackElo "2366"]
[PlyCount "0"]
[EventDate "2022.01.07"]
[EventRounds "9"]
[EventCountry "CZE"]

1. e4 {[%clk 1:30:55]} e6 {[%clk 1:30:52]} 2. d4 {[%clk 1:30:57]} d5
{[%clk 1:31:17]} 3. Nc3 {[%clk 1:31:14]} Nf6 {[%clk 1:31:42]} 4. Bg5
{[%clk 1:31:25]} dxe4 {[%clk 1:30:12]} 5. Nxe4 {[%clk 1:31:07]} Be7
{[%clk 1:30:13]} 6. Bxf6 {[%clk 1:30:45]} gxf6 {[%clk 1:29:42]} 7. Qd2
{[%clk 1:30:03]} f5 {[%clk 1:29:55]} 8. Ng3 {[%clk 1:29:57]} h5 {[%clk 1:29:53]}
9. Nf3 {[%clk 1:20:27]} h4 {[%clk 1:30:16]} 10. Ne2 {[%clk 1:20:45]} Qd6
{[%clk 1:30:43]} 11. O-O-O {[%clk 1:13:46]} Nd7 {[%clk 1:31:07]} 12. Nc3
{[%clk 1:04:12]} a6 {[%clk 1:30:42]} 13. Bd3 {[%clk 0:54:57]} b5 {[%clk 1:30:06]}
14. Rhe1 {[%clk 0:53:21]} Bb7 {[%clk 1:28:04]} 15. d5 {[%clk 0:44:40]} Bxd5
{[%clk 0:42:04]} 16. Nxd5 {[%clk 0:41:02]} Qxd5 {[%clk 0:42:26]} 17. Bxf5
{[%clk 0:36:14]} Qxd2+ {[%clk 0:42:51]} 18. Rxd2 {[%clk 0:36:36]} O-O-O
{[%clk 0:42:38]} 19. Bd3 {[%clk 0:24:04]} Bf6 {[%clk 0:33:41]} 20. c3
{[%clk 0:20:16]} c6 {[%clk 0:31:28]} 21. Kc2 {[%clk 0:17:04]} Kc7
{[%clk 0:29:06]} 22. Bf1 {[%clk 0:15:28]} Rh5 {[%clk 0:18:07]} 23. Red1
{[%clk 0:13:05]} Rd5 {[%clk 0:18:28]} 24. c4 {[%clk 0:10:45]} Rxd2+
{[%clk 0:18:42]} 25. Rxd2 {[%clk 0:09:59]} b4 {[%clk 0:19:01]} 26. Ne1
{[%clk 0:07:52]} a5 {[%clk 0:14:33]} 27. Nd3 {[%clk 0:07:47]} Rb8
{[%clk 0:11:42]} 28. Be2 {[%clk 0:06:33]} Bg7 {[%clk 0:07:54]} 29. Bh5
{[%clk 0:06:16]} Rf8 {[%clk 0:05:00]} 30. f4 {[%clk 0:04:29]} Bd4
{[%clk 0:01:33]} 31. Rd1 {[%clk 0:02:14]} c5 {[%clk 0:01:49]} 32. Rf1
{[%clk 0:01:48]} a4 {[%clk 0:01:49]} 33. Nc1 {[%clk 0:00:39]} Rg8
{[%clk 0:01:01]} 34. Bf3 {[%clk 0:00:45]} Nb6 {[%clk 0:00:48]} 35. b3
{[%clk 0:00:49]} axb3+ {[%clk 0:01:03]} 36. axb3 {[%clk 0:01:08]} Nc8
{[%clk 0:01:12]} 37. Ne2 {[%clk 0:01:05]} Bf6 {[%clk 0:01:11]} 38. g3
{[%clk 0:00:58]} Nd6 {[%clk 0:01:12]} 39. g4 {[%clk 0:00:40]} Rb8
{[%clk 0:00:41]} 40. h3 {[%clk 0:00:39]} Rb6 {[%clk 0:00:50]} 41. g5
{[%clk 0:19:16]} Bg7 {[%clk 0:30:59]} 42. g6 {[%clk 0:19:36]} f5 {[%clk 0:30:59]}
43. Nc1 {[%clk 0:19:45]} Ra6 {[%clk 0:12:52]} 44. Re1 {[%clk 0:17:16]} Ne8
{[%clk 0:12:27]} 45. Nd3 {[%clk 0:05:43]} Ra2+ {[%clk 0:12:45]} 46. Kb1
{[%clk 0:05:42]} Ra1+ {[%clk 0:11:43]} 47. Kc2 {[%clk 0:06:06]} Rxe1
{[%clk 0:12:09]} 48. Nxe1 {[%clk 0:06:31]} Kd6 {[%clk 0:12:12]} 49. Ng2
{[%clk 0:05:42]} Bf6 {[%clk 0:12:37]} 50. Ne3 {[%clk 0:05:30]} Bd4
{[%clk 0:11:09]} 51. Ng2 {[%clk 0:05:54]} Bf2 {[%clk 0:11:19]} 52. Kd3
{[%clk 0:05:55]} Ke7 {[%clk 0:11:34]} 53. Bc6 {[%clk 0:04:19]} Ng7
{[%clk 0:11:58]} 54. Ke2 {[%clk 0:03:59]} Bg3 {[%clk 0:12:17]} 55. Kf3
{[%clk 0:04:13]} Kf6 {[%clk 0:11:47]} 56. Ne3 {[%clk 0:03:33]} Kxg6
{[%clk 0:11:35]} 57. Nd1 {[%clk 0:03:27]} Bh2 {[%clk 0:07:24]} 58. Nb2
{[%clk 0:02:57]} Bg1 {[%clk 0:06:49]} 59. Nd3 {[%clk 0:03:06]} Bd4
{[%clk 0:07:12]} 60. Ba4 {[%clk 0:01:41]} Kf7 {[%clk 0:07:33]} 61. Ne1
{[%clk 0:01:39]} Nh5 {[%clk 0:06:40]} 62. Ng2 {[%clk 0:01:20]} Bf6
{[%clk 0:07:05]} 63. Bc6 {[%clk 0:01:12]} Ke7 {[%clk 0:07:12]} 64. Ba8
{[%clk 0:00:52]} Kd6 {[%clk 0:07:11]} 65. Ne3 {[%clk 0:00:49]} Ng7
{[%clk 0:03:55]} 66. Bb7 {[%clk 0:00:47]} Kc7 {[%clk 0:03:39]} 67. Ba8
{[%clk 0:01:11]} Ne8 {[%clk 0:03:14]} 68. Ke2 {[%clk 0:01:18]} Nd6
{[%clk 0:03:05]} 69. Bf3 {[%clk 0:01:00]} Nc8 {[%clk 0:03:22]} 70. Bd5
{[%clk 0:00:35]} Kd6 {[%clk 0:03:39]} 71. Bb7 {[%clk 0:00:59]} Ne7
{[%clk 0:04:04]} 72. Ba8 {[%clk 0:00:35]} Bb2 {[%clk 0:02:38]} 73. Ng2
{[%clk 0:00:51]} Ng6 {[%clk 0:02:23]} 74. Kf3 {[%clk 0:00:38]} Bc1
{[%clk 0:02:23]} 75. Bb7 {[%clk 0:00:56]} e5 {[%clk 0:00:59]} 76. fxe5+
{[%clk 0:00:38]} Nxe5+ {[%clk 0:01:20]} 77. Ke2 {[%clk 0:00:58]} Bg5
{[%clk 0:01:16]} 78. Ne1 {[%clk 0:01:08]} Ng6 {[%clk 0:01:19]} 79. Nf3
{[%clk 0:00:46]} Nf4+ {[%clk 0:01:30]} 80. Kf1 {[%clk 0:00:50]} Bf6
{[%clk 0:00:53]} 81. Bc8 {[%clk 0:00:48]} Nh5 {[%clk 0:00:57]} 82. Kf2
{[%clk 0:00:50]} f4 {[%clk 0:00:52]} 83. Nd2 {[%clk 0:00:45]} Ke5
{[%clk 0:00:52]} 84. Kf3 {[%clk 0:00:54]} Ng3 {[%clk 0:01:05]} 85. Bd7
{[%clk 0:00:56]} Be7 {[%clk 0:01:19]} 86. Kg4 {[%clk 0:00:39]} Ne2
{[%clk 0:01:37]} 87. Nf3+ {[%clk 0:00:38]} Ke4 {[%clk 0:01:44]} 88. Bc6+
{[%clk 0:00:32]} Ke3 {[%clk 0:01:25]} 89. Ne1 {[%clk 0:00:32]} Nd4
{[%clk 0:00:47]} 90. Ng2+ {[%clk 0:00:33]} Kf2 {[%clk 0:01:08]} 91. Bd5
{[%clk 0:00:33]} f3 {[%clk 0:01:29]} 92. Nxh4 {[%clk 0:00:32]} Bxh4
{[%clk 0:01:52]} 93. Kxh4 {[%clk 0:00:57]} Nxb3 {[%clk 0:01:47]} 94. Kg4
{[%clk 0:00:47]} Nd2 {[%clk 0:01:46]}  0-1

[Event "Prague Open 2022 - A IM Open"]
[Site "Olympik hotel, Prague"]
[Date "2022.01.12"]
[Round "7"]
[Board "13"]
[White "Acor, Corey"]
[Black "Cornelisse, John"]
[Result "1/2-1/2"]
[WhiteElo "2303"]
[BlackElo "2174"]
[PlyCount "0"]
[EventDate "2022.01.07"]
[EventRounds "9"]
[EventCountry "CZE"]

1. e4 {[%clk 1:22:07]} c6 {[%clk 1:30:50]} 2. Nc3 {[%clk 1:22:28]} d5
{[%clk 1:31:07]} 3. Nf3 {[%clk 1:22:21]} dxe4 {[%clk 1:31:19]} 4. Nxe4
{[%clk 1:22:43]} Nf6 {[%clk 1:31:38]} 5. Qe2 {[%clk 1:23:03]} Nxe4
{[%clk 1:31:48]} 6. Qxe4 {[%clk 1:23:27]} Nd7 {[%clk 1:32:03]} 7. d4
{[%clk 1:23:50]} Nf6 {[%clk 1:31:56]} 8. Qf4 {[%clk 1:23:01]} Bg4
{[%clk 1:28:14]} 9. Ne5 {[%clk 1:22:50]} Bh5 {[%clk 1:28:31]} 10. g4
{[%clk 1:22:05]} Bg6 {[%clk 1:28:48]} 11. Bg2 {[%clk 1:20:35]} e6
{[%clk 1:25:03]} 12. O-O {[%clk 1:15:42]} Nd7 {[%clk 1:19:05]} 13. Nxg6
{[%clk 1:14:59]} hxg6 {[%clk 1:19:26]} 14. Re1 {[%clk 1:12:22]} Nf6
{[%clk 1:17:06]} 15. h3 {[%clk 1:12:02]} Bd6 {[%clk 1:14:57]} 16. Qf3
{[%clk 1:11:26]} Qc7 {[%clk 1:11:38]} 17. Bg5 {[%clk 1:11:12]} Nh7
{[%clk 1:08:05]} 18. Be3 {[%clk 1:11:02]} O-O {[%clk 1:07:33]} 19. c4
{[%clk 1:10:44]} Rad8 {[%clk 1:00:10]} 20. Rad1 {[%clk 1:05:19]} Rfe8
{[%clk 0:56:26]} 21. c5 {[%clk 1:02:43]} Be7 {[%clk 0:56:21]} 22. Bf4
{[%clk 1:02:41]} Qc8 {[%clk 0:53:01]} 23. Qg3 {[%clk 1:01:50]} Nf6
{[%clk 0:52:24]} 24. Be5 {[%clk 1:01:42]} Nd5 {[%clk 0:51:53]} 25. g5
{[%clk 1:01:08]} b6 {[%clk 0:46:03]} 26. cxb6 {[%clk 0:55:30]} axb6
{[%clk 0:46:26]} 27. Rc1 {[%clk 0:55:42]} Qa6 {[%clk 0:39:39]} 28. a3
{[%clk 0:52:35]} b5 {[%clk 0:38:21]} 29. Bf1 {[%clk 0:51:16]} Qb6
{[%clk 0:35:36]} 30. b4 {[%clk 0:49:38]} Ra8 {[%clk 0:35:37]} 31. Rb1
{[%clk 0:49:35]} Qa7 {[%clk 0:34:26]} 32. Rb3 {[%clk 0:49:45]} Bd8
{[%clk 0:34:09]} 33. h4 {[%clk 0:49:57]} Bb6 {[%clk 0:34:22]} 34. Re4
{[%clk 0:46:54]} Ne7 {[%clk 0:33:54]} 35. Qg4 {[%clk 0:46:48]} Nf5
{[%clk 0:33:22]} 36. h5 {[%clk 0:40:11]} Bc7 {[%clk 0:30:11]} 37. Rc3
{[%clk 0:38:17]} Rac8 {[%clk 0:27:53]} 38. Qf3 {[%clk 0:24:39]} Bxe5
{[%clk 0:12:29]} 39. dxe5 {[%clk 0:24:16]} Red8 {[%clk 0:11:39]} 40. hxg6
{[%clk 0:15:50]} fxg6 {[%clk 0:12:03]} 41. Re1 {[%clk 0:09:07]} Qe7
{[%clk 0:08:55]} 42. Rec1 {[%clk 0:24:59]} Qxg5+ {[%clk 0:22:01]} 43. Qg2
{[%clk 0:24:29]} Qh5 {[%clk 0:19:56]} 44. Rh3 {[%clk 0:19:24]} Nh4
{[%clk 0:20:16]} 45. Qg3 {[%clk 0:19:45]} Rd4 {[%clk 0:18:24]} 46. Qe3
{[%clk 0:10:01]} Rg4+ {[%clk 0:16:20]} 47. Kh1 {[%clk 0:10:07]} Nf5
{[%clk 0:10:11]} 48. Qd2 {[%clk 0:08:29]} Rh4 {[%clk 0:09:57]} 49. Rcc3
{[%clk 0:08:58]} g5 {[%clk 0:08:54]} 50. Qd7 {[%clk 0:07:57]} Re8
{[%clk 0:08:06]} 51. Rxh4 {[%clk 0:07:07]} gxh4 {[%clk 0:08:07]} 52. Be2
{[%clk 0:05:30]} Qxe2 {[%clk 0:04:28]} 53. Qxe8+ {[%clk 0:05:54]} Kh7
{[%clk 0:04:56]} 54. Qxe6 {[%clk 0:03:07]} Qxf2 {[%clk 0:03:53]} 55. Qxc6
{[%clk 0:02:18]} Ng3+ {[%clk 0:03:01]} 56. Rxg3 {[%clk 0:02:46]} hxg3
{[%clk 0:03:26]} 57. Qe4+ {[%clk 0:02:41]} g6 {[%clk 0:02:15]} 58. Qb7+
{[%clk 0:00:47]} Kh6 {[%clk 0:02:26]} 59. Qg2 {[%clk 0:00:52]} Qe1+
{[%clk 0:02:40]} 60. Qg1 {[%clk 0:01:20]} Qxe5 {[%clk 0:02:59]} 61. Kg2
{[%clk 0:00:34]} Kg5 {[%clk 0:01:25]} 62. Qc5 {[%clk 0:00:36]} Kf5
{[%clk 0:01:19]} 63. Qc8+ {[%clk 0:00:58]} Ke4 {[%clk 0:01:10]} 64. Qc2+
{[%clk 0:00:46]} Kf4 {[%clk 0:01:14]} 65. Qd2+ {[%clk 0:00:46]} Kf5
{[%clk 0:01:05]} 66. Qd7+ {[%clk 0:00:58]} Ke4 {[%clk 0:00:55]} 67. Qg4+
{[%clk 0:00:37]} Kd3 {[%clk 0:00:45]} 68. Qd1+ {[%clk 0:00:36]} Kc4
{[%clk 0:00:46]} 69. Qc2+ {[%clk 0:01:04]} Qc3 {[%clk 0:00:53]} 70. Qe2+
{[%clk 0:00:58]} Qd3 {[%clk 0:00:50]} 71. Qa2+ {[%clk 0:00:44]} Kd4
{[%clk 0:01:07]} 72. Qa1+ {[%clk 0:01:00]} Kd5 {[%clk 0:01:09]} 73. Qa2+
{[%clk 0:01:06]} Ke5 {[%clk 0:01:18]} 74. a4 {[%clk 0:00:41]} bxa4
{[%clk 0:00:50]} 75. Qxa4 {[%clk 0:00:36]} Qe4+ {[%clk 0:01:01]} 76. Kxg3
{[%clk 0:01:02]} Qf4+ {[%clk 0:01:26]} 77. Kg2 {[%clk 0:01:19]} Qd2+
{[%clk 0:01:46]} 78. Kf1 {[%clk 0:00:57]} Qd3+ {[%clk 0:01:37]} 79. Ke1
{[%clk 0:01:06]} Qe3+ {[%clk 0:01:51]} 80. Kd1 {[%clk 0:01:08]} Qd3+
{[%clk 0:02:12]} 81. Ke1 {[%clk 0:01:04]}  1/2-1/2

[Event "Prague Open 2022 - A IM Open"]
[Site "Olympik hotel, Prague"]
[Date "2022.01.12"]
[Round "7"]
[Board "14"]
[White "Bomans, Arno"]
[Black "Soucek, Petr"]
[Result "0-1"]
[WhiteElo "2246"]
[BlackElo "2144"]
[PlyCount "0"]
[EventDate "2022.01.07"]
[EventRounds "9"]
[EventCountry "CZE"]

1. d4 {[%clk 1:30:56]} d6 {[%clk 1:30:40]} 2. e4 {[%clk 1:27:41]} Nf6
{[%clk 1:31:03]} 3. f3 {[%clk 1:27:53]} g6 {[%clk 1:31:23]} 4. c4
{[%clk 1:27:59]} Bg7 {[%clk 1:31:29]} 5. Nc3 {[%clk 1:28:16]} O-O
{[%clk 1:31:11]} 6. Be3 {[%clk 1:28:32]} Nc6 {[%clk 1:31:24]} 7. Nge2
{[%clk 1:27:56]} a6 {[%clk 1:29:35]} 8. Qd2 {[%clk 1:17:56]} Na5 {[%clk 1:29:52]}
9. Nc1 {[%clk 1:17:51]} Nd7 {[%clk 1:29:55]} 10. Be2 {[%clk 1:14:50]} c5
{[%clk 1:27:52]} 11. dxc5 {[%clk 1:04:58]} Nxc5 {[%clk 1:26:23]} 12. b4
{[%clk 1:03:39]} Ne6 {[%clk 1:26:36]} 13. Nb3 {[%clk 0:53:58]} Nc6
{[%clk 1:25:35]} 14. a3 {[%clk 0:54:22]} a5 {[%clk 1:23:27]} 15. b5
{[%clk 0:47:22]} a4 {[%clk 1:18:39]} 16. Nc1 {[%clk 0:46:20]} Qa5
{[%clk 1:16:37]} 17. N1a2 {[%clk 0:46:03]} Ncd4 {[%clk 1:15:56]} 18. Rb1
{[%clk 0:40:57]} Nb3 {[%clk 1:14:26]} 19. Qd3 {[%clk 0:41:07]} Nec5
{[%clk 1:14:20]} 20. Qc2 {[%clk 0:41:27]} Nd4 {[%clk 0:54:31]} 21. Qd2
{[%clk 0:41:41]} Ncb3 {[%clk 0:52:31]} 22. Qd3 {[%clk 0:40:28]} Be6
{[%clk 0:51:55]} 23. O-O {[%clk 0:38:42]} Nc5 {[%clk 0:51:00]} 24. Qd1
{[%clk 0:35:21]} Nxe2+ {[%clk 0:50:58]} 25. Nxe2 {[%clk 0:35:34]} Bxc4
{[%clk 0:51:15]} 26. Nb4 {[%clk 0:34:53]} Nb3 {[%clk 0:49:39]} 27. Nd5
{[%clk 0:34:45]} e6 {[%clk 0:48:08]} 28. Nb6 {[%clk 0:25:21]} Bxe2
{[%clk 0:48:24]} 29. Qe1 {[%clk 0:18:53]} Bxf1 {[%clk 0:47:11]} 30. Nxa8
{[%clk 0:18:44]} Qxe1 {[%clk 0:47:30]} 31. Rxe1 {[%clk 0:19:05]} Bxb5
{[%clk 0:47:21]}  0-1

[Event "Prague Open 2022 - A IM Open"]
[Site "Olympik hotel, Prague"]
[Date "2022.01.12"]
[Round "7"]
[Board "15"]
[White "Torngren, Gustav"]
[Black "Yakimenko, Alexander A."]
[Result "1-0"]
[WhiteElo "2245"]
[BlackElo "2055"]
[PlyCount "0"]
[EventDate "2022.01.07"]
[EventRounds "9"]
[EventCountry "CZE"]

1. g3 {[%clk 1:12:10]} e6 {[%clk 1:30:03]} 2. Bg2 {[%clk 1:10:26]} f5
{[%clk 1:30:06]} 3. d3 {[%clk 1:09:20]} Nf6 {[%clk 1:29:09]} 4. c4
{[%clk 1:06:09]} Bb4+ {[%clk 1:28:05]} 5. Nd2 {[%clk 1:05:32]} a5
{[%clk 1:24:34]} 6. Ngf3 {[%clk 0:52:58]} Nc6 {[%clk 1:23:43]} 7. d4
{[%clk 0:51:42]} O-O {[%clk 1:15:01]} 8. O-O {[%clk 0:51:13]} d5 {[%clk 1:15:00]}
9. Qc2 {[%clk 0:48:08]} Kh8 {[%clk 1:08:29]} 10. a3 {[%clk 0:41:28]} Be7
{[%clk 1:07:48]} 11. b3 {[%clk 0:41:35]} Qe8 {[%clk 1:04:49]} 12. Bb2
{[%clk 0:41:42]} Qh5 {[%clk 1:04:41]} 13. Ne5 {[%clk 0:41:32]} Ng4
{[%clk 0:57:17]} 14. Nxg4 {[%clk 0:36:08]} fxg4 {[%clk 0:56:04]} 15. e4
{[%clk 0:35:09]} dxc4 {[%clk 0:44:40]} 16. Nxc4 {[%clk 0:35:03]} e5
{[%clk 0:43:07]} 17. dxe5 {[%clk 0:32:48]} Be6 {[%clk 0:41:58]} 18. Ne3
{[%clk 0:27:33]} Rae8 {[%clk 0:40:35]} 19. Rad1 {[%clk 0:24:50]} Nxe5
{[%clk 0:31:22]} 20. Qxc7 {[%clk 0:22:15]} Nf3+ {[%clk 0:30:51]} 21. Bxf3
{[%clk 0:22:42]} gxf3 {[%clk 0:31:09]} 22. Qxb7 {[%clk 0:15:16]} Qf7
{[%clk 0:22:31]} 23. Nd5 {[%clk 0:13:40]} Qh5 {[%clk 0:22:21]} 24. Ne3
{[%clk 0:10:02]} Qf7 {[%clk 0:22:43]} 25. Rd3 {[%clk 0:09:27]} Rb8
{[%clk 0:21:42]} 26. Qc7 {[%clk 0:09:56]} Bxb3 {[%clk 0:16:29]} 27. Nf5
{[%clk 0:08:32]} Bf6 {[%clk 0:15:37]} 28. Rd7 {[%clk 0:07:26]} Qh5
{[%clk 0:15:12]} 29. Bxf6 {[%clk 0:07:32]} gxf6 {[%clk 0:15:17]} 30. Rd8
{[%clk 0:07:29]}  1-0